<?xml version="1.0" encoding="UTF-8"?>
<record
    xmlns:xsi="http://www.w3.org/2001/XMLSchema-instance"
    xsi:schemaLocation="http://www.loc.gov/MARC21/slim http://www.loc.gov/standards/marcxml/schema/MARC21slim.xsd"
    xmlns="http://www.loc.gov/MARC21/slim">

  <leader>01606cam a2200133   4500500</leader>
  <controlfield tag="005">20260517001753.0</controlfield>
  <datafield tag="041" ind1=" " ind2=" ">
    <subfield code="a">fre</subfield>
  </datafield>
  <datafield tag="042" ind1=" " ind2=" ">
    <subfield code="a">dc</subfield>
  </datafield>
  <datafield tag="100" ind1="1" ind2="0">
    <subfield code="a">Vitry, Gr&#xE9;goire</subfield>
    <subfield code="e">author</subfield>
  </datafield>
  <datafield tag="245" ind1="0" ind2="0">
    <subfield code="a">La th&#xE9;rapie br&#xE8;ve syst&#xE9;mique strat&#xE9;gique : Guide d'intervention sur les habitudes dysfonctionnelles </subfield>
  </datafield>
  <datafield tag="260" ind1=" " ind2=" ">
    <subfield code="b">De Boeck Sup&#xE9;rieur,
									</subfield>
    <subfield code="c">2024.
										</subfield>
  </datafield>
  <datafield tag="520" ind1=" " ind2=" ">
    <subfield code="a">V&#xE9;ritable guide pratique de l&#x2019;approche syst&#xE9;mique strat&#xE9;gique Plusieurs &#xE9;tudes ont d&#xE9;montr&#xE9; que la th&#xE9;rapie br&#xE8;ve syst&#xE9;mique strat&#xE9;gique est particuli&#xE8;rement efficiente dans la r&#xE9;solution des probl&#xE8;mes psychologiques et relationnels. Cette th&#xE9;rapie &#xE9;tant peu enseign&#xE9;e dans les cursus de psychologie ou de m&#xE9;decine, le pr&#xE9;sent ouvrage r&#xE9;pond &#xE0; ce besoin de formation. Il propose en effet un guide complet pour poser un diagnostic op&#xE9;ratoire non-pathologisant dans une intervention br&#xE8;ve et efficiente. Ce livre permettra la formation de praticiens &#xE0; cette m&#xE9;thodologie biopsychosociale et la mise en place de services de soins syst&#xE9;miques strat&#xE9;giques tant dans le secteur priv&#xE9; que public, repr&#xE9;sentant une &#xE9;tape importante dans une nouvelle lecture &#xE9;cologique de la sant&#xE9; mentale. L&#x2019;auteur aborde&#xA0;: &#x2022; les fondamentaux de l&#x2019;approche de Palo Alto&#xA0;; &#x2022; le d&#xE9;roulement des interventions&#xA0;; &#x2022; la strat&#xE9;gie des syst&#xE9;miciens&#xA0;; &#x2022; la th&#xE9;orie des tentatives de solutions&#xA0;; &#x2022; les principales prescriptions. &#xC0; t&#xE9;l&#xE9;charger&#xA0;: de nombreuses lectures compl&#xE9;mentaires</subfield>
  </datafield>
  <datafield tag="856" ind1="4" ind2="1">
    <subfield code="u">https://shs.cairn.info/la-therapie-breve-systemique-strategique--9782807365841?lang=fr&amp;redirect-ssocas=7080</subfield>
  </datafield>
  <datafield tag="999" ind1=" " ind2=" ">
    <subfield code="c">2236472</subfield>
    <subfield code="d">2236472</subfield>
  </datafield>
</record>
